Регионална библиотека "Любен Каравелов" - Русе

Българска диалектология (Запис номер 160119)

MARC детайли
000 -Лидер
Контролно поле с фиксирана дължина nam a22 a 4500
003 - Код на организацията, давaща контролен номер
Контролно поле BLK
005 - Дата и час на последна редакция
Контролно поле 20220221142946.0
008 - Елементи от данни с фиксирана дължина
fixed length control field 180410b bul|||||r ||||||| ||bul||
040 ## - Източник на каталожния запис
Идентификатор на билиотеката - собственик на записа BLK
041 ## - Код за език
Код за езика на текст/звукозапис или на отделно заглавие Български
Код за езика КДБФ Български
080 ## - УДК
Текстов определител УДК Български език
УДК код - определител по УДК 811.163.2
УДК определител -087
УДК - код + определител 811.163.2-087
139 ## - Редно поле
Редна дума Българска диалектология
Авторски знак Бъл - Б 92
245 10 - Сведения за заглавието
Заглавие Българска диалектология
Подзаглавни данни Проучвания и материали : Кн. 1 -
Редно поле (дума) съавт. на том Элвира Ив. Зеленина; отг. ред. на том Христо Ст. Холиолчев; * Элвира Ив. Зеленина; * Христо Ст. Холиолчев.
Том Кн. 10
Заглавие на том Сравнительный тематический словарь трех болгарских сел Молдавии
257 ## - Страна на издаване
Страна на създаване/издаване България
260 ## - Област на издателските данни
Име на издателя, разпространителя и проч. БАН
Година на издаване 1962 -
Място на издаване, разпространение и проч. София
300 ## - Физическа характеристика
Размери/Мащаб 25 см
380 ## - Жанр
Жанр Езикознание. Филология
650 #4 - Допълнително описание по предмет – тема
Основно описание – тема или топоним Български език - диалекти
9 (RLIN) 241883
653 ## - Ключова дума – ненормативна
Ключова дума български език
653 ## - Ключова дума – ненормативна
Ключова дума диалекти
700 1# - Други автори (авторска отговорност)
Лично име Зеленина, Элвира Ив.
Автороска отговорност (Описва отношението между автора и произведението) съавт. на том
9 (RLIN) 69599
700 1# - Други автори (авторска отговорност)
Лично име Холиолчев, Христо Ст.
Автороска отговорност (Описва отношението между автора и произведението) отг. ред. на том
9 (RLIN) 381622
700 1# - Други автори (авторска отговорност)
Лично име Зеленина, Элвира Ив.
Автороска отговорност (Описва отношението между автора и произведението) *
9 (RLIN) 69599
700 1# - Други автори (авторска отговорност)
Лично име Холиолчев, Христо Ст.
Автороска отговорност (Описва отношението между автора и произведението) *
9 (RLIN) 381622
760 1# - Описание на основната серия
Място на издаване, издател и година 1981
Страници - том 180 с. : с ил.
Забележка - том Изд. на БАН. Инст. за бълг. ез. - 700 тир. - Азб. показалец.
Заглавие Кн. 10 Сравнительный тематический словарь трех болгарских сел Молдавии
852 ## - Местоположение
Форматна сигнатура Цб 25111
Фондова буква Хранилище
856 4# - Електронен адрес и достъп
Електронен формат pdf - файл
856 4# - Електронен адрес и достъп
Електронен формат pdf - файл
999 ## - СИСТЕМНИ КОНТРОЛНИ НОМЕРА
Koha biblionumber 160119
Koha biblioitemnumber 160119
942 ## - АРТИКУЛИ
Вид на библиотечния материал Книги
Скрит в OPAC Не
Периодичен библиозапис Да
944 ## - СЪЗДАВАНЕ И РЕДАКЦИЯ на ЗАПИСА
Създаване/Редакция Създаване
Дата на регистрацията/редакция 14.11.2014
Статус, дата на статуса 14.11.2014 - от С1,Р / 14.11.2014
Служител, извършил регистрацията/редакцията Наталия_Любомирова
944 ## - СЪЗДАВАНЕ И РЕДАКЦИЯ на ЗАПИСА
Създаване/Редакция Редакция
Дата на регистрацията/редакция 14.11.2014
Статус, дата на статуса 14.11.2014 - от С1,Р / 14.11.2014
944 ## - СЪЗДАВАНЕ И РЕДАКЦИЯ на ЗАПИСА
Създаване/Редакция Редакция
Дата на регистрацията/редакция 2022-02-21
Статус, дата на статуса 2022-02-21
999 ## - СИСТЕМНИ КОНТРОЛНИ НОМЕРА
Koha biblioitemnumber 160119
999 ## - СИСТЕМНИ КОНТРОЛНИ НОМЕРА
Koha biblioitemnumber 160119
999 ## - СИСТЕМНИ КОНТРОЛНИ НОМЕРА
Koha biblioitemnumber 160119
Наличности
Код за отписване Код за изгубен артикул Източник на класификационната схема Код за повреда Коз за рестрикции Код за отдаване Артикулен № Име на библиотеката - собственик Име на библиотеката, в която се намира в момента Статус (Текущо местоположение) Дата на вписване в системата Местоположение - отдел Цена в лева Инвентарен номер Систематично азбучна сигнатура Баркод Номер на екземпляра Цена в евро Служебна бележка Служебен тип на артикула
  Не е изгубен Universal Decimal Classification Не е повреден без рестрикции ползва се в читалня 267600 Регионална библиотека "Любен Каравелов" Русе Регионална библиотека "Любен Каравелов" Русе Хранилище 1981-01-01 Хранилище 2.81 338053 Цб 25111 120000338053 1 1.44 N: стар фонд Дата: 01.01.1981 Книги
  Не е изгубен Universal Decimal Classification Не е повреден без рестрикции заемане за дома 267601 Регионална библиотека "Любен Каравелов" Русе Регионална библиотека "Любен Каравелов" Русе Заемна - подръчен фонд 1981-01-01 Заемна - подръчен фонд 2.81 343996 811.163.2/Б 92 120000343996 2 1.44 N: стар фонд Дата: 01.01.1981 Дата инв: 08.02.2018 Бележки инв: П2018 Книги
Изтеглен Не е изгубен Universal Decimal Classification Не е повреден без рестрикции заемане за дома 267602 Регионална библиотека "Любен Каравелов" Русе Регионална библиотека "Любен Каравелов" Русе Заемна - подръчен фонд 1981-01-01 Заемна - подръчен фонд 2.81 342238 П 808.67/Б 92 342238 3 1.44 N: стар фонд Дата: 01.01.1981 Дата инв: 08.02.2018 Бележки инв: П2018 Книги
Vip Innovations Ltd, Rousse, Bulgaria 2025